Closest World Capitals to Washington DC - Statistics

General Stats
  • This quiz has been taken 376 times
  • The average score is 27 of 44
Answer Stats
mi Capital % Correct
1883 Mexico City
95%
455 Ottawa
94%
1131 Havana
90%
3675 London
84%
1440 Kingston
79%
3840 Paris
78%
955 Nassau
76%
3574 Lisbon
75%
3793 Madrid
75%
1431 Port-au-Prince
74%
2054 Caracas
73%
2065 Panama City
73%
3390 Dublin
72%
2366 Bogota
71%
1471 Santo Domingo
69%
1864 Guatemala City
67%
3506 Lima
67%
2041 San Jose
66%
2695 Quito
65%
1927 Managua
64%
1888 San Salvador
64%
2503 Georgetown
63%
2811 Reykjavik
63%
3856 Amsterdam
60%
3873 Brussels
60%
1651 Belmopan
59%
1819 Tegucigalpa
58%
3883 Oslo
57%
1759 St. John's
54%
2657 Paramaribo
53%
2168 Port of Spain
53%
3826 Rabat
53%
3855 La Paz
51%
3979 Luxembourg
49%
2072 Bridgetown
48%
1974 Castries
47%
2020 Kingstown
47%
2074 St. George's
45%
3979 Andorra la Vella
44%
1883 Roseau
43%
1721 Basseterre
42%
3964 Dakar
37%
3630 Praia
28%
3904 Nouakchott
26%
No matching quizzes found
Score Distribution
Percent of People with Each Score
Percentile by Number Answered
Your Score History
You have not taken this quiz